[Event "FRA-ch Seniors"]
[Site "Nancy"]
[Date "2013.08.20"]
[Round "8"]
[White "Violeau, Jean Luc"]
[Black "Duval, Michel"]
[Result "1-0"]
[WhiteElo "1902"]
[BlackElo "1724"]
[PlyCount "115"]
[EventDate "2013.08.11"]
[EventType "swiss"]
[EventRounds "11"]
[EventCountry "FRA"]
[SourceTitle "CBM 156 Extra"]
[Source "ChessBase"]
[SourceDate "2013.10.22"]
[SourceVersion "1"]
[SourceVersionDate "2013.10.22"]
[SourceQuality "1"]

1. Nf3 Nf6 2. c4 c5 3. Nc3 Nc6 4. d4 cxd4 5. Nxd4 g6 6. e4 Bg7 7. Be3 0-0 8. Be2 a6 9. 0-0 e5 10. Nc2 d6 11. Qd2 Qd7 12. Rfd1 Re8 13. Qxd6 Qxd6 14. Rxd6 Rd8 15. Rad1 Rxd6 16. Rxd6 Be6 17. f3 Rd8 18. Rxd8+ Nxd8 19. Bg5 Nc6 20. Nd5 Nd7 21. Ne7+ Nxe7 22. Bxe7 Bf8 23. Bxf8 Kxf8 24. Ne3 Ke7 25. Kf2 h5 26. Nd5+ Kd6 27. b4 Nb8 28. Ne3 Nc6 29. Nc2 a5 30. a3 b6 31. Ke3 f5 32. g3 fxe4 33. fxe4 Nd8 34. Ne1 Nc6 35. Nc2 Nd8 36. Kd3 Nb7 37. Kc3 Kc6 38. Ne3 Nd6 39. Bd3 Nc8 40. Nd5 Bf7 41. Kb3 Nd6 42. Ka4 Nb7 43. Ne7+ Kd7 44. Nd5 Kc6 45. Ne3 Be8 46. c5 Kc7+ 47. Bb5 Bxb5+ 48. Kxb5 axb4 49. axb4 bxc5 50. bxc5 Nd8 51. Nc4 Nf7 52. Nd6 Nxd6+ 53. cxd6+ Kxd6 54. Kb6 g5 55. h3 Ke7 56. Kc5 Ke6 57. Kc6 h4 58. g4 1-0

[Event "FRA-ch Seniors"]
[Site "Pau"]
[Date "2012.08.14"]
[Round "1"]
[White "Duval, Michel"]
[Black "Darrigues, Alain"]
[Result "0-1"]
[WhiteElo "1724"]
[BlackElo "1955"]
[PlyCount "160"]
[EventDate "2012.08.14"]
[EventType "swiss"]
[EventRounds "11"]
[EventCountry "FRA"]
[SourceTitle "EXT 2013"]
[Source "ChessBase"]
[SourceDate "2012.11.22"]
[SourceVersion "1"]
[SourceVersionDate "2012.11.22"]
[SourceQuality "1"]

1. e4 c5 2. Nf3 d6 3. d4 cxd4 4. Qxd4 a6 5. Be3 Nf6 6. Nc3 e6 7. Qb6 Qxb6 8. Bxb6 Nbd7 9. Be3 Be7 10. Bd3 b5 11. 0-0 Bb7 12. Nd2 Rc8 13. f3 0-0 14. Rac1 Nc5 15. Be2 Rfd8 16. Rfd1 h6 17. Nb3 b4 18. Nxc5 dxc5 19. Rxd8+ Bxd8 20. Nb1 Be7 21. Nd2 Nd7 22. Nb3 Rc7 23. Na5 Bc8 24. Rd1 Kf8 25. Bf4 e5 26. Be3 Nb8 27. Nc4 Nc6 28. Nb6 Nd4 29. Bd3 Bb7 30. c3 Ne6 31. cxb4 cxb4 32. b3 Bc5 33. Bxc5+ Nxc5 34. Bc4 Ke8 35. Kf2 Re7 36. Ke3 Ne6 37. Bxe6 Rxe6 38. Nc4 Bc6 39. Nd6+ Ke7 40. Nc4 Bb5 41. Rd5 f6 42. Rc5 Kd7 43. Rd5+ Kc7 44. Rc5+ Kd7 45. Rd5+ Kc7 46. Rc5+ Kb7 47. h4 g5 48. hxg5 hxg5 49. Nb2 Rd6 50. Rc2 Kb6 51. Nc4+ Bxc4 52. Rxc4 a5 53. Rc2 Rc6 54. Rd2 Rc3+ 55. Ke2 Kc6 56. g4 a4 57. bxa4 Ra3 58. Rb2 Rxa4 59. Kd3 Kc5 60. Rc2+ Kb5 61. Ke2 Ra3 62. Rd2 Kc4 63. Rc2+ Kd4 64. Rd2+ Kc3 65. Rd3+ Kb2 66. Rd2+ Kb1 67. Rd6 Kxa2 68. Kd1 b3 69. Rb6 Kb2 70. Rxf6 Ra4 71. Rc6 Rd4+ 72. Ke2 Kb1 73. Rc5 b2 74. Rxe5 Rb4 75. Rd5 Kc2 76. Rd2+ Kc3 77. Rd1 b1Q 78. Rxb1 Rxb1 79. Ke3 Re1+ 80. Kf2 Kd2 0-1

[Event "Angers op 5th"]
[Site "Angers"]
[Date "2010.04.23"]
[Round "1"]
[White "Duval, Michel"]
[Black "Mahe, Romain"]
[Result "0-1"]
[WhiteElo "1774"]
[BlackElo "1979"]
[PlyCount "120"]
[EventDate "2010.04.23"]
[EventType "swiss"]
[EventRounds "6"]
[EventCountry "FRA"]
[SourceTitle "EXT 2011"]
[Source "ChessBase"]
[SourceDate "2010.11.26"]
[SourceVersion "1"]
[SourceVersionDate "2010.11.26"]
[SourceQuality "1"]

1. e4 e5 2. Nf3 Nc6 3. d4 exd4 4. Bc4 Nf6 5. 0-0 Nxe4 6. Re1 d5 7. Bxd5 Qxd5 8. Nc3 Qa5 9. Nxe4 Be6 10. Bd2 Qf5 11. Bg5 h6 12. Nh4 Qa5 13. Bd2 Bb4 14. a3 Bxd2 15. Qxd2 Qxd2 16. Nxd2 0-0-0 17. Nhf3 Rhe8 18. Ne5 Bd5 19. Nxc6 bxc6 20. b4 Re6 21. Rxe6 Bxe6 22. Nf3 d3 23. cxd3 Rxd3 24. Ne5 Rc3 25. Kf1 c5 26. bxc5 Rxc5 27. Nf3 Rc2 28. Nd4 Rd2 29. Nxe6 fxe6 30. Ke1 Rc2 31. Rb1 Ra2 32. Rb3 Kd7 33. h4 c5 34. h5 Kc6 35. Rg3 c4 36. Rxg7 c3 37. Kd1 Rd2+ 38. Kc1 Rxf2 39. Rg6 Kd5 40. Rxh6 Rxg2 41. Rh8 Rh2 42. h6 Ke5 43. h7 Kf6 44. Rc8 Rxh7 45. Rxc3 Ke5 46. Kc2 Ke4 47. Kb3 e5 48. Ka4 Kd4 49. Rb3 e4 50. Rb4+ Kd3 51. Rb3+ Ke2 52. Rb2+ Kf3 53. Rb8 e3 54. Rf8+ Kg2 55. Rg8+ Kf1 56. Rf8+ Ke1 57. Kb5 Rd7 58. Re8 e2 59. Kc6 Rd3 60. a4 Kd2 0-1

[Event "Rohde op 09th"]
[Site "Sautron"]
[Date "2009.10.27"]
[Round "5"]
[White "Le Gallo, Frederic"]
[Black "Duval, Michel"]
[Result "1-0"]
[WhiteElo "2030"]
[BlackElo "1772"]
[PlyCount "41"]
[EventDate "2009.10.24"]
[EventType "swiss"]
[EventRounds "9"]
[EventCountry "FRA"]
[SourceTitle "EXT 2010"]
[Source "ChessBase"]
[SourceDate "2010.11.25"]
[SourceVersion "1"]
[SourceVersionDate "2010.11.25"]
[SourceQuality "1"]

1. e4 e5 2. Nf3 Nc6 3. Bb5 f5 4. d3 fxe4 5. dxe4 d6 6. Qd5 Bd7 7. Bc4 Qe7 8. Ng5 Nh6 9. c3 0-0-0 10. a4 Nb8 11. b4 c5 12. Na3 Bc6 13. Qd3 cxb4 14. Nb5 b6 15. Be6+ Kb7 16. a5 a6 17. axb6 Bxb5 18. Qxb5 axb5 19. Ra7+ Kxb6 20. Be3+ Kc6 21. Bd5# 1-0

[Event "FRA-ch Seniors"]
[Site "Aix les Bains"]
[Date "2007.08.16"]
[Round "3"]
[White "Duval, Michel"]
[Black "Birens, Eric Andre"]
[Result "0-1"]
[WhiteElo "1827"]
[BlackElo "2021"]
[PlyCount "80"]
[EventDate "2007.08.13"]
[EventType "swiss"]
[EventRounds "11"]
[EventCountry "FRA"]
[SourceTitle "CBM 120 Extra"]
[Source "ChessBase"]
[SourceDate "2007.11.01"]
[SourceVersion "1"]
[SourceVersionDate "2007.11.01"]
[SourceQuality "1"]

1. e4 c5 2. Nf3 d6 3. Bb5+ Nd7 4. d4 Ngf6 5. Nc3 cxd4 6. Nxd4 a6 7. Bxd7+ Bxd7 8. 0-0 e6 9. Kh1 Be7 10. f4 h5 11. f5 e5 12. Nf3 Bc6 13. Qe2 Qb6 14. b3 Ng4 15. h3 Qc5 16. Nd1 d5 17. Nf2 Nxf2+ 18. Qxf2 Qxf2 19. Rxf2 dxe4 20. Nxe5 Bc5 21. Re2 Bd4 22. Nxc6 Bxa1 23. Rxe4+ Kd7 24. Nd4 Rae8 25. Rxe8 Rxe8 26. Nf3 Re2 27. Bd2 b5 28. c3 Kd6 29. Kg1 Kd5 30. Kf1 Re7 31. Kf2 Rc7 32. Ng5 Bxc3 33. Bxc3 Rxc3 34. Nxf7 Rc2+ 35. Kf3 Rxa2 36. g4 hxg4+ 37. hxg4 Ra3 38. g5 Rxb3+ 39. Kf4 Rb1 40. Ne5 Rb4+ 0-1

[Event "Angers op 2nd"]
[Site "Angers"]
[Date "2007.04.13"]
[Round "1.10"]
[White "Duval, Michel"]
[Black "Egreteau, Eric"]
[Result "0-1"]
[WhiteElo "1822"]
[BlackElo "2063"]
[PlyCount "58"]
[EventDate "2007.04.13"]
[EventType "swiss"]
[EventRounds "6"]
[EventCountry "FRA"]
[SourceTitle "CBM 117 Extra"]
[Source "ChessBase"]
[SourceDate "2007.05.09"]
[SourceVersion "1"]
[SourceVersionDate "2007.05.09"]
[SourceQuality "1"]

1. e4 d6 2. d4 Nf6 3. Nc3 Nbd7 4. f4 e5 5. dxe5 dxe5 6. f5 Bb4 7. Qf3 Bxc3+ 8. bxc3 0-0 9. Bd3 c6 10. Nh3 Qa5 11. Bd2 Rd8 12. 0-0 b6 13. Qg3 Kf8 14. Rfd1 Ba6 15. Nf2 Re8 16. Qf3 c5 17. Bxa6 Qxa6 18. g4 h6 19. h4 Qb7 20. g5 hxg5 21. hxg5 Ng8 22. c4 Rad8 23. Bc3 Qc7 24. Rd3 Nb8 25. Rad1 Nc6 26. Qg3 f6 27. Ng4 Qf7 28. Ne3 Nd4 29. Bb2 Ne2+ 0-1

[Event "FRA-ch Veterans"]
[Site "Val d'Isere"]
[Date "2002.08.25"]
[Round "6.5"]
[White "Duval, Michel"]
[Black "Huguet, Bernard"]
[Result "0-1"]
[WhiteElo "1800"]
[BlackElo "2168"]
[PlyCount "52"]
[EventDate "2002.08.20"]
[EventType "swiss"]
[EventRounds "11"]
[EventCountry "FRA"]
[SourceTitle "EXT 2003"]
[Source "ChessBase"]
[SourceDate "2002.11.25"]
[SourceVersion "1"]
[SourceVersionDate "2002.11.25"]
[SourceQuality "1"]

1. e4 c5 2. Nf3 e6 3. d4 cxd4 4. Nxd4 Nf6 5. Nc3 d6 6. Be2 a6 7. 0-0 Be7 8. Be3 0-0 9. Bf3 Nbd7 10. Qe2 Ne5 11. Kh1 Qc7 12. Rac1 b5 13. Nd1 Bb7 14. Bd2 Nxf3 15. gxf3 Nd7 16. c4 bxc4 17. Rxc4 Qb8 18. Rg1 Ne5 19. Rc3 Bf6 20. Be3 Rc8 21. Rg3 Ng6 22. Qc2 Be5 23. Rh3 Rxc3 24. Nxc3 Qc8 25. Qd2 Bxd4 26. Qxd4 e5 0-1

[Event "Quebec Tournois de l'est"]
[Site "Quebec"]
[Date "1972.08.26"]
[Round "2"]
[White "Duval, Michel"]
[Black "Brodie, Hugh"]
[Result "0-1"]
[WhiteElo "1600"]
[BlackElo "1800"]
[PlyCount "50"]
[EventDate "1972.08.26"]
[EventType "swiss"]
[EventRounds "5"]
[EventCountry "CAN"]
[SourceTitle "EXT 2022"]
[Source "ChessBase"]
[SourceDate "2021.10.06"]
[SourceVersion "1"]
[SourceVersionDate "2021.10.06"]
[SourceQuality "1"]

1. c4 e5 2. e3 d6 3. d4 Nc6 4. d5 Nce7 5. e4 g6 6. Nf3 Bg7 7. Nc3 f5 8. Bd3 Nf6 9. 0-0 0-0 10. Qc2 f4 11. b3 Bg4 12. Ng5 h6 13. f3 hxg5 14. fxg4 Nxg4 15. Be2 Nf6 16. Ba3 Qd7 17. Rad1 Kf7 18. h3 Rh8 19. Rd3 g4 20. g3 f3 21. hxg4 fxe2 22. Qxe2 Rh7 23. g5 Rah8 24. Qf3 Qh3 25. gxf6 Qh2# 0-1